The map : (Record no. 22384)
[ view plain ]
| 000 -LEADER | |
|---|---|
| fixed length control field | 01682cam a22003375a 4500 |
| 001 - CONTROL NUMBER | |
| control field | ocm48773905 |
| 003 - CONTROL NUMBER IDENTIFIER | |
| control field | EG-ScBUE |
| 005 - DATE AND TIME OF LATEST TRANSACTION | |
| control field | 20220420100249.0 |
| 008 - FIXED-LENGTH DATA ELEMENTS--GENERAL INFORMATION | |
| fixed length control field | 020109s2011 enk f b 001 0 eng d |
| 020 ## - INTERNATIONAL STANDARD BOOK NUMBER | |
| International Standard Book Number | 1900650541 (Paperback : alk. paper) |
| 020 ## - INTERNATIONAL STANDARD BOOK NUMBER | |
| International Standard Book Number | 9781900650540 (Paperback : alk. paper) |
| 035 ## - SYSTEM CONTROL NUMBER | |
| System control number | (OCoLC)ocm48773905 |
| 040 ## - CATALOGING SOURCE | |
| Original cataloging agency | DLC |
| Language of cataloging | eng |
| Description conventions | rda |
| Transcribing agency | DLC |
| Modifying agency | EG-ScBUE |
| 082 04 - DEWEY DECIMAL CLASSIFICATION NUMBER | |
| Edition number | 22 |
| Classification number | 418.02072 |
| Item number | WIL |
| 100 1# - MAIN ENTRY--PERSONAL NAME | |
| Personal name | Williams, Jenny, |
| Dates associated with a name | 1939- |
| Relator term | author. |
| 9 (RLIN) | 41176 |
| 245 14 - TITLE STATEMENT | |
| Title | The map : |
| Remainder of title | a beginner's guide to doing research in translation studies / |
| Statement of responsibility, etc | by Jenny Williams, Dublin City University, Ireland and Andrew Chesterman, University of Helsinki, Finland. |
| 250 ## - EDITION STATEMENT | |
| Edition statement | Fifth edition. |
| 264 #1 - PUBLICATION, DISTRIBUTION, ETC. (IMPRINT) | |
| Place of publication, distribution, etc | London ; |
| -- | New York : |
| Name of publisher, distributor, etc | Routledge, |
| Date of publication, distribution, etc | 2011. |
| 300 ## - PHYSICAL DESCRIPTION | |
| Extent | 149 pages ; |
| Dimensions | 22 cm |
| 336 ## - CONTENT TYPE | |
| Source | rdacontent |
| Content type term | text |
| Content type code | txt |
| 337 ## - MEDIA TYPE | |
| Source | rdamedia |
| Media type term | unmediated |
| Media type code | n |
| 338 ## - CARRIER TYPE | |
| Source | rdacarrier |
| Carrier type term | volume |
| Carrier type code | nc |
| 504 ## - BIBLIOGRAPHY, ETC. NOTE | |
| Bibliography, etc | Includes bibliographical references and index.<br/> |
| 505 ## - FORMATTED CONTENTS NOTE | |
| Formatted contents note | Chapter 1: Areas in Translation Research -- Chapter 2: From the Initial Idea to the Plan -- Chapter 3:Theoretical Models of Translation -- Chapter 4: Kinds of Research -- Chapter 5: Questions, Claims, Hypotheses -- Chapter 6: Relations between Variables -- Chapter 7: Selecting and Analyzing Data -- Chapter 8: Writing Your Research Report -- Chapter 9: Presenting Your Research Orally -- Chapter 10: Assessing Your Research |
| 650 #7 - SUBJECT ADDED ENTRY--TOPICAL TERM | |
| Topical term or geographic name as entry element | Translating and interpreting |
| General subdivision | Research |
| -- | Methodology. |
| Source of heading or term | BUEsh |
| 9 (RLIN) | 40298 |
| 651 ## - SUBJECT ADDED ENTRY--GEOGRAPHIC NAME | |
| Source of heading or term | BUEsh |
| 653 ## - INDEX TERM--UNCONTROLLED | |
| Resource For college | Humanities: English |
| Arrived date list | September2016 |
| 655 ## - INDEX TERM--GENRE/FORM | |
| Form subdivision | Reading book |
| 9 (RLIN) | 34232 |
| 700 1# - ADDED ENTRY--PERSONAL NAME | |
| Personal name | Chesterman, Andrew, |
| Relator term | author. |
| 9 (RLIN) | 41175 |
| 942 ## - ADDED ENTRY ELEMENTS (KOHA) | |
| Source of classification or shelving scheme | Dewey Decimal Classification |
| Edition | 22 |
| Call number prefix | 418.02072 WIL |
| Koha item type | Book - Borrowing |
| Withdrawn status | Lost status | Source of classification or shelving scheme | Damaged status | Not for loan | Collection code | Home library | Current library | Shelving location | Date acquired | Source of acquisition | Cost, normal purchase price | Serial Enumeration / chronology | Total Checkouts | Full call number | Barcode | Date last seen | Cost, replacement price | Price effective from | Koha item type |
|---|---|---|---|---|---|---|---|---|---|---|---|---|---|---|---|---|---|---|---|
| Dewey Decimal Classification | Baccah | Central Library | Central Library | Second Floor | 25/09/2016 | Purchase | 231.00 | 26103 | 418.02072 WIL | 000033511 | 15/07/2025 | 288.00 | 25/09/2016 | Book - Borrowing |